000 00672nam a2200241 a 4500
001 61439
003 BD-RjUL
005 20211209080950.0
008 170118s1954 enk 001 0 eng
035 _a(BD-RjUL)61563
035 _a(OCoLC)1597192
040 _aDLC
_cFJUNF
_dBD-RjUL
_beng
041 _aeng
082 _223
_a335.43
_bHUM 1954
100 1 _aHunt, R. N. Carew
_q(Robert Nigel Carew)
_9183154
245 1 0 _aMarxism, past and present /
_cR. N. Carew Hunt
260 _aLondon :
_bG. Bles,
_cc1954.
300 _axi, 180 p. ;
_c23 cm.
500 _aIncludes index
650 0 _aCommunism
_xHistory.
_9174087
942 _2ddc
_cBK
999 _c61439
_d61439